Die 30 erfolgreichsten Länder beim Auslandsoscar - Statistiken

Allgemein
  • Dieses Quiz wurde 55 mal gespielt
  • Das Durchschnittsergebnis liegt bei 17 aus 30
Antwortstatistiken
Siege Nominierungen Nation % Korrekt
4 20 Deutschland
100%
9 38 Frankreich
92%
11 28 Italien
88%
4 20 Spanien
88%
1 13 Japan
86%
1 7 Russland
80%
1 9 Mexiko
78%
3 16 Schweden
78%
2 4 Österreich
76%
1 12 Polen
76%
2 5 Schweiz
76%
2 7 Argentinien
74%
3 7 Niederlande
72%
1 1 Südkorea
72%
0 7 Belgien
70%
3 12 Dänemark
68%
1 3 Tschechien
60%
1 2 Südafrika
58%
1 6 Kanada
56%
2 10 Ungarn
54%
2 3 Iran
44%
1 2 Chile
42%
0 10 Israel
40%
1 3 Taiwan
28%
3 9 Sowjetunion
22%
1 2 Bosnien und Herzegowina
18%
0 6 Jugoslawien
18%
1 5 Algerien
16%
2 6 Tschechoslowakei
14%
1 1 Elfenbeinküste
0%
Keine übereinstimmenden Quizze gefunden
Verteilung der Resultate
Anzahl Personen mit jedem Resultat
Perzentil nach korrekt beantworteten Fragen
Ihre Resultats-Entwicklung
Sie haben dieses Quiz noch nicht gespielt